01083nam a2200229Ia 4500003000900000008004100009020001800050040001600068080002300084111012500107245026500232260003700497300002300534650002000557650001900577700003000596700003100626700003100657942000700688999001700695952014100712IN-BaIIA211028s9999 xx 000 0 eng d a0-7923-4135-X cIIA Library a52(082.1)bASS-206 aWorkshop Celebrating the 25th Anniversary of the Westerbork Synthesis Radio TelescopecHoogeveend1995 Aug. 28-30920784 0aCold gas at high redshiftbproceediings of a Workshop celebrating the 25th anniversary of the westerbork synthesis radio Telescope, held in Hoogeveen, The Netherlands, August 28-30, 1995cedited by M.N. Bremer, P.P. Werf, H.J.A. Röttgering, and C.L. Carilli. aDordrechtbKluwer Academicc1996 a[various pagings.] aCold gas920785 aRedshift98391 aBremer, M. N., ed.920786 aRottgering, H. J. A920787 aVan der Werf, P. P.916321 cBK c11950d11950 00104070aBANbBANcGENd1996-12-05eALL g6401.50l0o52(082.1)/ ASS-206p12866r2021-11-05v6401.50w1996-12-05yBKGRs. 6401.50